Forecasting and planning (Record no. 36008)

MARC details
000 -LEADER
fixed length control field 00285nam a2200121Ia 4500
082 ## - DEWEY DECIMAL CLASSIFICATION NUMBER
Classification number 338.26
Item number FIL
100 ## - MAIN ENTRY--AUTHOR NAME
Personal name FILDERS, R
245 #0 - TITLE STATEMENT
Title Forecasting and planning
260 ## - PUBLICATION, DISTRIBUTION, ETC. (IMPRINT)
Place of publication England
Name of publisher Saxon
Year of publication 1978
700 ## - ADDED ENTRY--PERSONAL NAME
Personal name WOOD, D
942 ## - ADDED ENTRY ELEMENTS (KOHA)
Koha item type Books
Holdings
Withdrawn status Lost status Damaged status Not for loan Home library Current library Date acquired Full call number Accession Number Koha item type
        RRII Library RRII Library 16/12/2021 338.26 FIL 16425 Books